000 00700cam a22002531 4500
001 sa 65002578
003 DLC
005 20260227112117.0
008 871119s1964 ii c b 000 0 eng
010 _asa 65002578
025 _aPL480:I-E-3630
035 _a(OCoLC)17002398
040 _aDLC
_cWaU
_dWaU
_dDLC
041 1 _aeng
_hund
042 _apremarc
050 0 0 _aPK3017
_b.P313
100 0 _aAprabuddha,
_d1888-
245 1 0 _aMessage of Ṛgveda
_c[by] "Aprabuddha."
260 _a[Nagpur, India,
_c1964?]
300 _avii, 426 p.
_bports.
_c23 cm.
500 _aTranslated from the author's original Marathi.
504 _aBibliography: p. [420]-421.
630 0 0 _aVedas.
_pR̥gveda.
999 _c62705
_d62705